[Peter Fässler, Thomas Held and Dirk Sawitzki (eds.): Lemberg-Lwów-Lviv]
| Titel: | [Peter Fässler, Thomas Held and Dirk Sawitzki (eds.): Lemberg-Lwów-Lviv] / Keely Stauter-Halsted |
|---|---|
| Verfasser: | |
| In: |
Slavic review, Band 54, Heft 4 (1995), Seite 1126 alle Artikel anzeigen |
| Veröffentlicht: | 1995 |
| Format: | Aufsatz |
| Sprache: | Englisch |
X
alg: 51589991
001A $03025:29-02-24
001B $03025:29-02-24 $t09:29:15.000
001D $03025:29-02-24
001U $0utf8
001X $00
002@ $0Aox
003@ $0515899917
006N $000627879
007D $asw950044
007I $0swets022030754
010@ $aeng
011@ $a1995
013D $#Newspapers Sections, columns, etc. Reviews $#Book reviewing $#Journaux Cahiers, chroniques, etc. Comptes rendus $#Livres Recension $#Rezension $#Buchbesprechung $#Buchrezension $#Buchkritik $74049712-4 $8Rezension [Ts1] $9085138568
021A $a[Peter Fässler, Thomas Held and Dirk Sawitzki (eds.): Lemberg-Lwów-Lviv] $hKeely Stauter-Halsted
028A $BVerfasser $#Stauter-Halsted, Keely Diane $#Halsted, Keely Stauter- $4aut $7123246202 $8Stauter-Halsted, Keely$Z1960- [Tp1] $9154211478
031A $d54 $e4 $g1 $h1126 $j1995
039B $aIn $8--Abvc--. Slavic review. - Cambridge : Cambridge University Press, 1961-. - ISSN 0037-6779 $x199500000540004874 $9047271809
039T $aRezension von $8--Aaxc--. Lemberg - Lwów - Lviv. - Köln {[u.a.] : Böhlau, 1993. - 207 S.. - Ill.. - ISBN 3-412-04292-7 $9025727494
045F $a909.04924094386 $eDDC23BSB
045F/01 $a909.04924
045F/03 $g4386
045G $a907.209438 $eDDC23BSB
045G/01 $a907.2
045G/03 $g438
045T $a3,6 $a7,41
lok: 51589991 78
exp: 51589991 78 1 #EPN
201B/01 $029-02-24 $t09:29:15.000
201C/01 $029-02-24
201U/01 $0utf8
203@/01 $01257036335
208@/01 $a29-02-24 $be
209A/01 $a/ $f000 $x00
209A/01 $ab*p $x01
220C/01 $apgar
244Z/01 $#Generalgouvernement Polen $#Polska $#Rzeczpospolita Polska $#Polska Rzeczpospolita Ludowa $#Poland $#Pologne $#République Polonaise $#Generalne Gubernatorstwo w Polsce $#Polish People's Republic $#Polska Rzeczpospolita Polen $#PRL $#RP $#Polen Generalgouvernement $#Polska Generalgouvernement $#Besetzte Polnische Gebiete $#Besetztes Gebiet in Polen $#Okupowane Polskie Obszary $#Obszary Okupowane w Polsce $#Volksrepublik Polen $#Polska Rosyjska $#Republic Polen $#Respublika Pol'ša $#Pol'skaja Narodnaja Respublika $#République de Pologne $#Polen Links der Weichsel $#Polska po Lewej Stronie Wisły $#Lenkija $#Polija $#Gubernija Carstva Pol'skago $#Republik Polen $74046496-9 $8--Tg1--Polen $x01 $9085129801
247C/01 $82080>Marburg/Lahn, Herder-Institut, Forschungsbibliothek, Bibliographieportal $9336309341
| LEADER | 00000caa a22000002c 4500 | ||
|---|---|---|---|
| 001 | 515899917 | ||
| 003 | DE-603 | ||
| 005 | 20240229092915.0 | ||
| 007 | tu | ||
| 008 | 240229s1995 xx |||| | u00||u|eng c | ||
| 035 | |a (DE-599)HEB515899917 | ||
| 035 | |a (NL-LiSWE)00627879 | ||
| 040 | |a DE-603 |b ger |c DE-603 |d DE-603 | ||
| 041 | |a eng | ||
| 082 | 0 | 4 | |8 1\u |a 909.04924094386 |q DE-101 |2 23/BSB |
| 083 | 0 | |8 2\u |a 907.209438 |q DE-101 |2 23/BSB | |
| 084 | |a 3,6 |a 7,41 |2 ssgn | ||
| 085 | |8 1\u |b 909.04924 | ||
| 085 | |8 1\u |z 2 |s 4386 | ||
| 085 | |8 2\u |b 907.2 | ||
| 085 | |8 2\u |z 2 |s 438 | ||
| 100 | 1 | |a Stauter-Halsted, Keely |d 1960- |e Verfasser |4 aut |0 (DE-603)154211478 |0 (DE-588)123246202 |2 gnd | |
| 245 | 0 | 0 | |a [Peter Fässler, Thomas Held and Dirk Sawitzki (eds.): Lemberg-Lwów-Lviv] |c Keely Stauter-Halsted |
| 264 | 0 | |c 1995 | |
| 655 | 7 | |a Rezension |2 gnd-content |0 (DE-588)4049712-4 |0 (DE-603)085138568 | |
| 773 | 0 | 8 | |i In |t Slavic review |d Cambridge : Cambridge University Press, 1961- |x 0037-6779 |g Band 54, Heft 4 (1995), Seite 1126 |w (DE-603)047271809 |w (DE-600)203404-9 |
| 787 | 0 | 8 | |i Rezension von |t Lemberg - Lwów - Lviv |d Köln [u.a.] : Böhlau, 1993 |h 207 S., Ill. |z 3412042927 |w (DE-603)025727494 |
| 924 | 0 | |9 2080 |a (DE-603)1257036335 |b DE-2080 |c HES |d d |g / | |


